[Event "DVM U20 2017"]
[Site "Düsseldorf GER"]
[Date "2017.12.30"]
[Round "7"]
[White "Oezdemir, Edwin-Daniel"]
[Black "Stein, Daniel"]
[Result "0-1"]
[Termination "normal"]
[Board "8.4"]
[WhiteElo "1790"]
[BlackElo "1960"]
[WhiteTeam "Düsseldorfer SK"]
[BlackTeam "SK Frankenthal"]
[PlyCount "44"]
[WhiteFideId "12919055"]
[BlackFideId "12939307"]
[EventCountry "GER"]
[EventRounds "7"]
[EventType "team-swiss"]
[EventDate "2017.12.26"]

1. e4 e5 2. Nf3 Nf6 3. Nxe5 d6 4. Nf3 Nxe4 5. d4 d5 6. Bd3 Nc6 7. c4 Be7 8. O-O
Nb4 9. Re1 Nxd3 10. Qxd3 Bf5 11. Qb3 dxc4 12. Qxb7 Nd6 13. Qc6+ Bd7 14. Qd5 O-O
15. Ne5 Be6 16. Qf3 Nf5 17. Rd1 Nxd4 18. Qe4 c5 19. Nc6 Qc7 20. Nxd4 cxd4 21.
Bf4 Qb6 22. Qxd4 Rfd8 0-1

[Event "DVM U20 2017"]
[Site "Düsseldorf GER"]
[Date "2017.12.30"]
[Round "7"]
[White "Syrov, Katharina"]
[Black "Wiedenbruch, Paul"]
[Result "0-1"]
[Termination "normal"]
[Board "8.5"]
[WhiteElo "1228"]
[BlackElo "1391"]
[WhiteTeam "SK Frankenthal"]
[BlackTeam "Düsseldorfer SK"]
[PlyCount "68"]
[WhiteFideId "16255941"]
[BlackFideId "16207343"]
[EventCountry "GER"]
[EventRounds "7"]
[EventType "team-swiss"]
[EventDate "2017.12.26"]

1. e4 c5 2. Nf3 d6 3. d4 cxd4 4. Nxd4 Nf6 5. Bd3 Nc6 6. Nxc6 bxc6 7. O-O g6 8.
Nc3 Bg7 9. Be3 O-O 10. Qd2 Qc7 11. Rfe1 Ng4 12. Bf4 Ne5 13. Be2 a5 14. Bh6 a4
15. b3 axb3 16. axb3 Bd7 17. Bxg7 Kxg7 18. h3 f5 19. Qd4 f4 20. g3 fxg3 21. f4
Rxa1 22. Rxa1 Rxf4 23. Ra7 Qd8 24. Bf1 Kh6 25. Qe3 g5 26. Ne2 Rf3 27. Qc1 Qb6+
28. Kh1 Qxa7 29. h4 Qe3 30. hxg5+ Kxg5 31. Qxe3+ Rxe3 32. Kg2 Kg4 33. b4 h5 34.
c4 h4 0-1